banner koha

Fosfito aplicados em pós-colheita reduzem o mofo-azul em maçãs "fuji e gala' (Registro n. 202311)

MARC details
000 -LÍDER
campo de controle de tamanho fixo 00923nas a2200313 4500
001 - NÚMERO DE CONTROLE
campo de controle BR0901219
003 - IDENTIFICADOR DO NÚMERO DE CONTROLE
campo de controle BR-BrBNA
005 - DATA E HORÁRIO DA ÚLTIMA TRANSAÇÃO
campo de controle 20231205113158.0
007 - CAMPO FIXO DE DESCRIÇÃO FÍSICA--INFORMAÇÃO GERAL
campo de controle de tamanho fixo ta
008 - CAMPO DE DADOS FIXOS--INFORMAÇÃO GERAL
campo de controle de tamanho fixo 230509b bl.|||p| |||| 00| 00por d
040 ## - FONTE DA CATALOGAÇÃO
Instituição da catalogação original BR-BrBNA
Idioma da catalogação por
Instituição que transcreveu o registro Biblioteca Nacional de Agricultura
041 ## - CÓDIGO DE IDIOMA
Código do idioma do texto/trilha sonora ou título diferente (Pt)
072 ## - CÓDIGO DE CATEGORIA DE ASSUNTO
Código de Categoria de Assunto J11
100 1# - ENTRADA PRINCIPAL--NOME PESSOAL
Nome pessoal Blum, L.E.B.
100 1# - ENTRADA PRINCIPAL--NOME PESSOAL
Nome pessoal Amarante, C.V.T. do
100 1# - ENTRADA PRINCIPAL--NOME PESSOAL
Nome pessoal Dezanet, A.
100 1# - ENTRADA PRINCIPAL--NOME PESSOAL
Nome pessoal Lima, E.B. de
100 1# - ENTRADA PRINCIPAL--NOME PESSOAL
Nome pessoal Hack Neto, P.
100 1# - ENTRADA PRINCIPAL--NOME PESSOAL
Nome pessoal Ávila, R.D.
100 1# - ENTRADA PRINCIPAL--NOME PESSOAL
Nome pessoal Siega, V.
245 1# - TÍTULO
Título Fosfito aplicados em pós-colheita reduzem o mofo-azul em maçãs "fuji e gala'
650 ## - ASSUNTO--TERMO TÓPICO
Cabeçalho tópico ou nome geográfico MAÇA
650 ## - ASSUNTO--TERMO TÓPICO
Cabeçalho tópico ou nome geográfico PÓS-COLHEITA
650 ## - ASSUNTO--TERMO TÓPICO
Cabeçalho tópico ou nome geográfico PODRIDÃO MOLE
650 ## - ASSUNTO--TERMO TÓPICO
Cabeçalho tópico ou nome geográfico PENICILLIUM EXPANSUM
773 0# - ENTRADA ANALÍTICA
Título Revista Brasileira de Fruticultura (Brazil)
ISSN - International Standard Serial Number ISSN 0100-2945
Partes relacionadas (Aug 2007), v. 29(2) p. 265-268
Número de controle do registro BR0901219
909 ## -
-- 202311
-- Lúcia
-- 55
-- Lúcia Elande
942 ## - ELEMENTOS DE ENTRADA ADICIONADOS (KOHA)
Fonte da classificação ou esquema de arquivamento na estante Classificação AGRIS
Ocultar no OPAC Não
Tipo de material Koha Analítica
Exemplares
Situação do descarte Fonte da classificação ou esquema de arquivamento na estante Situação física Não pode ser emprestado Biblioteca de origem Biblioteca atual Localização na estante Enumeração do periódico / cronologia Total de empréstimos Data de último acesso Número do exemplar Tipo de material Koha Fonte de aquisição
  Classificação AGRIS   Consulta local Biblioteca Nacional de Agricultura - Binagri Biblioteca Nacional de Agricultura - Binagri   (Aug 2007), v. 29(2) p. 265-268   29/11/2023 01 Periódicos Portaria Interministerial nº 164/94

BINAGRI

Telefone: (61)3218-2567/2388/3357/2097 - binagri@agro.gov.br

Ministério da Agricultura e Pecuária , Esplanada dos Ministérios, Bloco D, Anexo B, Brasília/DF, CEP: 70.043-900